The Principles of Self-Improvement - Statistics

General Stats
  • This quiz has been taken 17 times
  • The average score is 11 of 17
Answers on the Grid
Answers color-coded by a green-red scale on the quiz's grid according to % correct below.
Meditation
Masturbation and Edging
Eating healthy foods
Gaming more than 2 hours
Workout
Having a negative mindset
Drinking Alcohol
Avoiding beverage
Not interested to learn about new things
Waking up early
Eating Junk foods
Watching Porn
Using device more than 2 hours for no reason
Eating slowly
Journaling
Eating mindfully
Smoking
Using device in a limit
Avoiding Junk Food
Doing something productive
Complaining
Being disciplined and positive
Procrastination
Sleeping Early
Staying hydrated
Overeating
Gaining knowledge
Maintaining good hygiene
Using device before sleeping for no reason
Following a healthy and disciplined routine daily
 
Answer Stats
Answer % Correct
Eating healthy food fuels your body with essential nutrients, improves energy levels, and supports overall physical and mental well-being. Eating healthy foods
86%
Sleeping early is good because it allows your body to rest and recharge, improving overall health, energy levels, and focus. It also helps regulate your sleep cycle, boosts mental clarity, and enhances mood, making you more productive the next day. Sleeping Early
86%
Staying hydrated is good because it helps maintain your body's balance, supports proper digestion, and improves focus and energy levels. It also helps regulate body temperature, promotes healthy skin, and supports overall physical and mental well-being. Staying hydrated
86%
Doing something productive is good because it helps you achieve your goals, boosts your sense of accomplishment, and improves your overall well-being. It also keeps your mind engaged, reduces stress, and contributes to personal growth and success. Doing something productive
71%
Gaining knowledge is good because it broadens your perspective, enhances problem-solving abilities, and empowers you to make informed decisions. It also boosts personal growth, builds confidence, and opens up opportunities for success in various aspects of life. Gaining knowledge
71%
Maintaining good hygiene is good because it helps prevent the spread of infections, diseases, and illnesses. It also promotes better physical health, boosts confidence, and contributes to overall well-being by keeping your skin, hair, and body clean. Maintaining good hygiene
71%
Meditation improves focus, reduces stress, enhances emotional well-being, and boosts overall mental and physical health. Meditation
71%
Waking up early helps regulate your body’s natural rhythm, giving you more energy, reducing stress, and improving focus throughout the day. It also allows for a peaceful, productive start, which can boost your mood, increase motivation, and improve overall mental clarity. Waking up early
71%
Working out boosts physical fitness, improves mood, enhances energy, and promotes long-term health and well-being. Workout
71%
Eating mindfully is good because it helps you focus on how your body feels while eating, so you're more likely to stop when you're full. It also helps you enjoy your food more, making meals feel more satisfying and helping with digestion. This can lead to healthier eating habits and prevent overeating. Eating mindfully
57%
Eating slowly is good because it gives your body time to register fullness, which can help prevent overeating and aid in digestion. It also allows you to savor and enjoy your food more, leading to better satisfaction and improved nutrient absorption. Additionally, it helps regulate blood sugar levels and promotes healthier eating habits over time. Eating slowly
57%
Following a healthy and disciplined routine daily is very good because it helps improve time management, boosts productivity, and promotes consistent physical and mental well-being. It also reduces stress, enhances focus, and builds positive habits that lead to long-term success and a balanced life.

BONUS 1 : To quit a bad habit, stop abruptly and remove all temptations. Replace the habit with something positive, stay busy, and lean on a strong support system. Expect cravings, but push through with discipline and focus. If cravings arise, remind yourself why you stopped and how it's harmful to you.

BONUS 2 : Sometimes, we can feel lazy about sticking to good habits. In those moments, remind yourself why they’re beneficial and how they can improve your life. This can help reignite your motivation and drive you to take action.
Following a healthy and disciplined routine daily
57%
Journaling is good because it helps you process emotions, reduce stress, and gain clarity on your thoughts and goals. It encourages self-reflection, boosts creativity, and can improve mental well-being by providing an outlet for expressing feelings and organizing ideas. Journaling
57%
Using a device in limit is good because it helps prevent eye strain, improves sleep quality, and reduces stress. It also gives you more time to focus on real-world activities, like exercising, socializing, and being productive, which are better for your overall well-being. Using device in a limit
57%
Being disciplined is good because it helps you stay focused, make better decisions, and achieve your long-term goals. It also fosters consistency, builds good habits, and improves overall productivity and self-control. Being positive helps promote happiness by focusing on opportunities and solutions, instead of problems. It boosts resilience, motivation, and mental health, making it easier to handle challenges and stay on track with your goals. Positivity also strengthens relationships and leads to a more fulfilling life. Being disciplined and positive
43%
Avoiding sugary or caffeinated beverages is good because they can lead to weight gain, energy crashes, and disrupt sleep patterns. They can also contribute to health issues like diabetes, heart disease, and tooth decay over time. Avoiding beverage
29%
Avoiding junk food is good because it helps prevent weight gain, reduces the risk of chronic diseases like diabetes and heart disease, and boosts energy levels. It also supports better digestion, improves mood, and helps maintain overall physical and mental health. Avoiding Junk Food
14%
No matching quizzes found
Score Distribution
Percent of People with Each Score
Percentile by Number Answered
Your Score History
You have not taken this quiz